[Event "FIDE World Rapid Team"]
[Site "London ENG"]
[Date "2025.06.11"]
[Round "4.3"]
[White "Esipenko, Andrey"]
[Black "Munkhzul, Turmunkh"]
[Result "1-0"]
[WhiteTitle "GM"]
[BlackTitle "WGM"]
[WhiteElo "2689"]
[BlackElo "2236"]
[WhiteTeam "KazChess"]
[BlackTeam "Mongolia-A"]
[WhiteFideId "24175439"]
[BlackFideId "4901878"]
[EventDate "2025.06.11"]
[EventType "team"]

1. d4 Nf6 2. Nf3 d5 3. g3 e6 4. Bg2 Be7 5. O-O O-O 6. Bf4 c5 7. dxc5 Bxc5 8. c4
Nc6 9. Nc3 dxc4 10. Qa4 Qe7 11. Qxc4 e5 12. Bg5 Be6 13. Qa4 h6 14. Bh4 Bb6 15.
Ne4 Bf5 16. Nxf6+ gxf6 17. Nd2 Nd4 18. e3 Bc2 19. b3 Nf5 20. Qg4+ Ng7 21. Be4
Rfd8 22. Bxc2 Rxd2 23. Qe4 Rxc2 24. Qxc2 Qe6 25. Qe4 f5 26. Qxb7 Re8 27. Qf3 e4
28. Qe2 Qg6 29. Kh1 Ne6 30. b4 Nf8 31. Rad1 Qe6 32. Qh5 Kg7 33. a4 Ng6 34. Rc1
a6 35. a5 Ba7 36. Rc7 Bb8 37. Rb7 Be5 38. Rb6 Qc8 39. Kg2 Bc7 40. Bf6+ Kh7 41.
Bg5 1-0

[Event "FIDE World Rapid Team"]
[Site "London ENG"]
[Date "2025.06.11"]
[Round "4.4"]
[White "Gan-Od, Sereenen"]
[Black "Ansat, Aldiyar"]
[Result "0-1"]
[WhiteTitle "FM"]
[BlackTitle "IM"]
[WhiteElo "2320"]
[BlackElo "2489"]
[WhiteTeam "Mongolia-A"]
[BlackTeam "KazChess"]
[WhiteFideId "4901304"]
[BlackFideId "13715658"]
[EventDate "2025.06.11"]
[EventType "team"]

1. d4 Nf6 2. c4 e6 3. Nc3 d5 4. cxd5 exd5 5. Bg5 Be7 6. e3 h6 7. Bh4 Bg4 8. Qc2
O-O 9. f3 Be6 10. Bd3 c5 11. Nge2 Nc6 12. O-O c4 13. Bf5 Nb4 14. Qb1 Qd7 15.
Bxe6 Qxe6 16. Bf2 Nd3 17. Nf4 Nxf4 18. exf4 Rfe8 19. Qc2 Qd7 20. g4 b5 21. Ne2
Bd6 22. f5 b4 23. Ng3 a5 24. h4 a4 25. Rae1 b3 26. axb3 cxb3 27. Qb1 Bf4 28. Qd3
Rxe1 29. Rxe1 Rc8 30. Ne2 Bd6 31. Ra1 Rc2 32. Nc3 a3 33. bxa3 Qc7 34. Nd1 Bg3
35. Kf1 Bxf2 36. Nxf2 Rc1+ 37. Kg2 Rxa1 38. Qxb3 Qc1 39. Qb8+ Kh7 40. Qh2 Qf1+
41. Kg3 Rxa3 42. g5 Ne4+ 43. Nxe4 Qxf3# 0-1

[Event "FIDE World Rapid Team"]
[Site "London ENG"]
[Date "2025.06.11"]
[Round "4.5"]
[White "Kamalidenova, Meruert"]
[Black "Uuriintuya, Uurtsaikh"]
[Result "1-0"]
[WhiteTitle "IM"]
[BlackTitle "WGM"]
[WhiteElo "2330"]
[BlackElo "2141"]
[WhiteTeam "KazChess"]
[BlackTeam "Mongolia-A"]
[WhiteFideId "13712802"]
[BlackFideId "4900227"]
[EventDate "2025.06.11"]
[EventType "team"]

1. e4 c5 2. Nf3 g6 3. c3 d5 4. exd5 Qxd5 5. d4 Bg7 6. Nbd2 cxd4 7. Bc4 Qd8 8.
Nxd4 Nf6 9. N2f3 O-O 10. O-O Nbd7 11. Re1 Nb6 12. Bb3 a6 13. Ne5 Qc7 14. Qf3
Nfd5 15. Nxg6 fxg6 16. Bxd5+ Kh8 17. Qe4 Bf5 18. Nxf5 Rxf5 19. Be6 Rff8 20. Be3
Nd7 21. Bxd7 Qxd7 22. Rad1 Qb5 23. Bd4 Qxb2 24. Bxg7+ Kxg7 25. Qd4+ Kf7 26. Qd5+
Kg7 27. Rxe7+ Kh6 28. Qd4 1-0

[Event "FIDE World Rapid Team"]
[Site "London ENG"]
[Date "2025.06.11"]
[Round "4.6"]
[White "Han, Qixuan"]
[Black "Aiten, Islam"]
[Result "0-1"]
[WhiteElo "1896"]
[BlackElo "1950"]
[WhiteTeam "Mongolia-A"]
[BlackTeam "KazChess"]
[WhiteFideId "496944"]
[BlackFideId "13749420"]
[EventDate "2025.06.11"]
[EventType "team"]

1. Nf3 Nf6 2. e3 g6 3. c4 Bg7 4. Nc3 O-O 5. d4 d6 6. Be2 c5 7. O-O Nc6 8. b3 e5
9. dxe5 dxe5 10. Ba3 Qa5 11. Bb2 Rd8 12. Nd5 Nxd5 13. cxd5 e4 14. Bxg7 exf3 15.
Bf6 fxe2 16. Qxe2 Rxd5 17. e4 Rd6 18. e5 Rd5 19. Rad1 Be6 20. Rxd5 Bxd5 21. Qe3
Nd4 22. Qh6 Ne6 23. Rd1 Qxa2 24. h4 Qxb3 25. Re1 Qb4 26. Re3 Qf4 27. Bg5 Nxg5
28. hxg5 Qg4 29. f3 Qh5 30. Rd3 Qxh6 31. gxh6 Be6 32. Kf2 c4 33. Rd1 b5 34. f4
b4 35. Kf3 c3 36. g4 c2 37. Rg1 b3 38. f5 Bd5+ 39. Kf4 b2 40. fxg6 c1=Q+ 0-1

[Event "FIDE World Rapid Team"]
[Site "London ENG"]
[Date "2025.06.11"]
[Round "4.1"]
[White "Hong, Andrew"]
[Black "Keymer, Vincent"]
[Result "1-0"]
[WhiteTitle "GM"]
[BlackTitle "GM"]
[WhiteElo "2589"]
[BlackElo "2730"]
[WhiteTeam "FIDE MB Team"]
[BlackTeam "Germany and Friends"]
[WhiteFideId "2099438"]
[BlackFideId "12940690"]
[EventDate "2025.06.11"]
[EventType "team"]

1. c4 e6 2. g3 d5 3. Bg2 d4 4. Nf3 h5 5. d3 Nh6 6. Na3 Nf5 7. Nc2 Nc6 8. h4 a5
9. O-O Bc5 10. Ng5 Be7 11. Ne4 e5 12. Rb1 Nb4 13. Bd2 Ra6 14. Nxb4 axb4 15. Qe1
c5 16. a3 bxa3 17. bxa3 b6 18. Rb3 O-O 19. Ng5 Qc7 20. e4 dxe3 21. fxe3 Bxg5 22.
hxg5 e4 23. dxe4 Nd6 24. Bc3 Nxc4 25. Qe2 b5 26. Rxb5 Nxa3 27. Qb2 Nc4 28. Qe2
Na3 29. Qb2 Qxg3 30. Rxc5 Qxe3+ 31. Qf2 Nc2 32. Bxg7 Kxg7 33. Rxc2 Qxg5 34. Rc5
Qg4 35. Qd4+ Kg8 36. Rf6 Ra2 37. Rf2 Rxf2 38. Qxf2 Rd8 39. Qf6 Rd1+ 40. Kh2 Kh7
41. Qxf7+ Kh8 42. Rxh5+ 1-0

[Event "FIDE World Rapid Team"]
[Site "London ENG"]
[Date "2025.06.11"]
[Round "4.2"]
[White "Bluebaum, Matthias"]
[Black "Short, Nigel D"]
[Result "1/2-1/2"]
[WhiteTitle "GM"]
[BlackTitle "GM"]
[WhiteElo "2663"]
[BlackElo "2587"]
[WhiteTeam "Germany and Friends"]
[BlackTeam "FIDE MB Team"]
[WhiteFideId "24651516"]
[BlackFideId "400025"]
[EventDate "2025.06.11"]
[EventType "team"]

1. d4 e6 2. c4 Bb4+ 3. Bd2 Bxd2+ 4. Qxd2 Nf6 5. Nc3 d5 6. e3 O-O 7. cxd5 exd5 8.
Bd3 a5 9. Nge2 b6 10. O-O Bb7 11. Rfd1 Qe7 12. Rac1 Rd8 13. b3 Nbd7 14. Nf4 g6
15. Qb2 Nf8 16. a3 Ne6 17. Nxe6 fxe6 18. b4 axb4 19. axb4 c6 20. e4 dxe4 21.
Nxe4 Nd5 22. Bc4 Qxb4 23. Qxb4 Nxb4 24. Ng5 Bc8 25. Nxe6 Bxe6 26. Bxe6+ Kg7 27.
Rb1 c5 28. dxc5 bxc5 29. h4 h5 30. g3 Rxd1+ 31. Rxd1 Ra7 32. Kg2 Rc7 33. Bc4 Nc6
34. Rd5 Ne7 35. Re5 Nf5 36. Re6 Re7 37. Rc6 Re5 38. Rc7+ Kh8 39. Bd3 Ne7 40. Kf3
Kg7 41. Bc4 Kf6 42. Kg2 Kg7 43. f4 Re4 44. Rxc5 Re3 45. Rc7 Kf8 46. Rd7 Nf5 47.
Kf2 Re7 48. Rd8+ Kg7 49. Bd3 Ne3 50. Rd6 Ng4+ 51. Kg2 Nf6 52. Kf3 Rd7 53. Rxd7+
Nxd7 54. Bb5 Nc5 55. Ke3 Kf6 56. Kd4 Ne6+ 57. Ke4 Nc5+ 58. Kd5 Ne6 59. Bd7 Nf8
60. Bc8 Nh7 61. Kd6 Nf8 62. Bh3 Nh7 63. Kd5 Nf8 64. Ke4 Nh7 65. Bc8 Nf8 66. f5
g5 67. Kd4 gxh4 68. gxh4 Ng6 69. fxg6 Kxg6 70. Ke5 Kg7 71. Kf5 Kh8 72. Kg6 Kg8
73. Be6+ Kh8 74. Kh6 1/2-1/2

[Event "FIDE World Rapid Team"]
[Site "London ENG"]
[Date "2025.06.11"]
[Round "4.3"]
[White "Bologan, Victor"]
[Black "Svane, Rasmus"]
[Result "0-1"]
[WhiteTitle "GM"]
[BlackTitle "GM"]
[WhiteElo "2601"]
[BlackElo "2626"]
[WhiteTeam "FIDE MB Team"]
[BlackTeam "Germany and Friends"]
[WhiteFideId "13900048"]
[BlackFideId "4657101"]
[EventDate "2025.06.11"]
[EventType "team"]

1. e4 e5 2. Nf3 Nc6 3. Bc4 Nf6 4. d3 Bc5 5. c3 d6 6. Nbd2 a5 7. h3 O-O 8. Nf1
Be6 9. Bb5 Ne7 10. Ng3 Ng6 11. O-O c6 12. Ba4 d5 13. d4 dxe4 14. Nxe5 Bd6 15.
Nxg6 hxg6 16. Bg5 Bd5 17. Bc2 Qc7 18. Bxf6 Bxg3 19. fxg3 gxf6 20. g4 Kg7 21. Qe2
b5 22. b3 Rad8 23. Rf2 Qg3 24. Qe1 Rh8 25. Re2 Rxh3 26. Bxe4 Qxe1+ 27. Raxe1
Rxc3 28. Kf2 Bxe4 29. Rxe4 Rd3 30. Rc1 R8xd4 31. Rxd4 Rxd4 32. Rc2 Rxg4 33. Rxc6
b4 34. Ra6 Rg5 35. Kf3 Rf5+ 36. Ke3 Re5+ 37. Kf3 f5 38. g3 g5 39. Kf2 f6 40. Kf3
Kg6 41. Kf2 g4 42. Ra8 Rc5 0-1

[Event "FIDE World Rapid Team"]
[Site "London ENG"]
[Date "2025.06.11"]
[Round "4.4"]
[White "Donchenko, Alexander"]
[Black "Al-Mudahka, Mohd"]
[Result "1-0"]
[WhiteTitle "GM"]
[BlackTitle "GM"]
[WhiteElo "2613"]
[BlackElo "2542"]
[WhiteTeam "Germany and Friends"]
[BlackTeam "FIDE MB Team"]
[WhiteFideId "24603295"]
[BlackFideId "12100030"]
[EventDate "2025.06.11"]
[EventType "team"]

1. c4 Nf6 2. g3 g6 3. Bg2 Bg7 4. Nc3 d6 5. d4 O-O 6. Nf3 Nc6 7. O-O a6 8. b3 Rb8
9. d5 Na5 10. Bg5 h6 11. Bd2 c5 12. dxc6 Nxc6 13. Rc1 Bd7 14. Bf4 b5 15. Nd5 g5
16. Be3 Ng4 17. Bd2 e6 18. cxb5 Rxb5 19. Nc3 Rb8 20. h4 gxh4 21. Nxh4 d5 22. e4
Nge5 23. Bf4 d4 24. Na4 Nb4 25. Qh5 Nbd3 26. Nc5 Rb5 27. Bxe5 Nxe5 28. a4 Rb8
29. f4 Nc6 30. e5 Nb4 31. Rc4 Be8 32. Rd1 d3 33. Kh2 a5 34. Qg4 Kh7 35. Nxd3
Nxd3 36. Be4+ Kh8 37. Rxd3 Qe7 38. Rdc3 f5 39. exf6 Qxf6 40. Rc7 h5 41. Qe2 Qxc3
42. Rxc3 Bxc3 43. Bg6 Kg7 44. Qxe6 Bf6 45. Be4 Bxh4 46. Qe5+ Bf6 47. Qxb8 Bxa4
48. Qc7+ Rf7 49. Qxa5 Bxb3 50. Qxh5 Be6 51. Bd5 Rf8 52. Qf3 Rh8+ 53. Kg2 Bh3+
54. Kf2 Bd4+ 55. Ke2 Bf5 56. Qa3 Rh2+ 57. Ke1 Bf2+ 58. Kd1 Bg4+ 59. Bf3 Bc5 1-0

[Event "FIDE World Rapid Team"]
[Site "London ENG"]
[Date "2025.06.11"]
[Round "4.5"]
[White "Zhu, Chen"]
[Black "Wagner, Dinara"]
[Result "1/2-1/2"]
[WhiteTitle "GM"]
[BlackTitle "IM"]
[WhiteElo "2423"]
[BlackElo "2404"]
[WhiteTeam "FIDE MB Team"]
[BlackTeam "Germany and Friends"]
[WhiteFideId "8600546"]
[BlackFideId "24157570"]
[EventDate "2025.06.11"]
[EventType "team"]

1. e4 c5 2. d3 Nc6 3. f4 d5 4. exd5 Qxd5 5. Nc3 Qd8 6. Be3 e6 7. Ne4 b6 8. Nf3
Nf6 9. Nxf6+ Qxf6 10. d4 Bd7 11. Ne5 Nxe5 12. dxe5 Qd8 13. Qf3 Rc8 14. O-O-O Qc7
15. Ba6 Bc6 16. Qg4 h5 17. Qe2 Rb8 18. Bb5 Be7 19. Rd2 Rd8 20. Rhd1 Rxd2 21.
Rxd2 O-O 22. Bxc6 Qxc6 23. Qxh5 c4 24. c3 b5 25. a3 a5 26. Qf3 Qxf3 27. gxf3 Rd8
28. Bb6 Rxd2 29. Kxd2 a4 30. Ke3 Kh7 31. Ke4 g6 32. Be3 Kg7 33. Kd4 Kh7 34. Ke4
Kg7 35. Kd4 Kh7 36. Ke4 Kg7 1/2-1/2

[Event "FIDE World Rapid Team"]
[Site "London ENG"]
[Date "2025.06.11"]
[Round "4.6"]
[White "Lobkin, Bohdan"]
[Black "Zaiarski, Stepan"]
[Result "1-0"]
[WhiteElo "1900"]
[BlackElo "1932"]
[WhiteTeam "Germany and Friends"]
[BlackTeam "FIDE MB Team"]
[WhiteFideId "34115552"]
[BlackFideId "13907000"]
[EventDate "2025.06.11"]
[EventType "team"]

1. e4 e5 2. Nf3 Nc6 3. d4 exd4 4. Nxd4 Qf6 5. c3 Bc5 6. Be3 Nge7 7. Nc2 Bxe3 8.
Nxe3 d6 9. Bd3 Ne5 10. Be2 O-O 11. O-O Qg6 12. Nd2 f5 13. f4 N5c6 14. Qb3+ Kh8
15. Bd3 fxe4 16. Bxe4 Qe6 17. c4 Nd4 18. Qd3 Ndf5 19. Rae1 h6 20. Nxf5 Nxf5 21.
Bxb7 Qxe1 22. Rxe1 Bxb7 23. Nf3 Rf7 24. c5 d5 25. c6 Bxc6 26. Ne5 Re8 1-0

[Event "FIDE World Rapid Team"]
[Site "London ENG"]
[Date "2025.06.11"]
[Round "4.2"]
[White "Makhnev, Denis"]
[Black "Eljanov, Pavel"]
[Result "1/2-1/2"]
[WhiteTitle "GM"]
[BlackTitle "GM"]
[WhiteElo "2531"]
[BlackElo "2669"]
[WhiteTeam "Barys.kz"]
[BlackTeam "Ashdod Elit Chess Club"]
[WhiteFideId "13707647"]
[BlackFideId "14102951"]
[EventDate "2025.06.11"]
[EventType "team"]

1. d4 d5 2. Nf3 Nf6 3. Bf4 c5 4. e3 Nc6 5. Nbd2 e6 6. c3 Be7 7. h3 Bd6 8. Bxd6
Qxd6 9. dxc5 Qxc5 10. Bd3 O-O 11. O-O Rd8 12. Qb1 e5 13. e4 h6 14. exd5 Nxd5 15.
Re1 Nf4 16. Bh7+ Kh8 17. Be4 Be6 18. Re3 a5 19. a4 Ne7 20. Bxb7 Rab8 21. Ba6
Neg6 22. Bf1 f5 23. Qe1 e4 24. Nd4 Bc8 25. Nc4 Ba6 26. b3 Bxc4 27. Bxc4 Ne5 28.
Bb5 Rb6 29. Rd1 Rg6 30. Rg3 Rxg3 31. fxg3 Nfd3 32. Qe3 Qxc3 33. Nxf5 Rf8 34. g4
Qxb3 35. Rf1 Qb4 36. Kh2 Rf6 37. g5 hxg5 38. Qxg5 Qf8 39. Qh4+ Kg8 40. Qxe4 Qb8
41. g3 Nb4 42. Ne7+ Kf8 43. Rxf6+ gxf6 44. Nf5 Qc8 45. h4 Qc2+ 46. Qxc2 Nxc2 47.
Kh3 Na3 48. Be2 Nc2 49. g4 Nb4 50. Kg3 Nd5 51. Bd1 Nc3 52. Bc2 Ne2+ 53. Kf2 Nc3
54. Ne3 Nd7 55. h5 Nc5 56. h6 Kg8 57. Nf5 Kh7 58. Kg3 N3xa4 59. Kh4 Kg6 60. Nd6+
Kxh6 61. Ne8 Nc3 62. Nxf6 a4 63. g5+ Kg7 64. Nh5+ Kf8 65. g6 Ne6 66. g7+ Nxg7
67. Bxa4 1/2-1/2

[Event "FIDE World Rapid Team"]
[Site "London ENG"]
[Date "2025.06.11"]
[Round "4.3"]
[White "Gledura, Benjamin"]
[Black "Suleymenov, Alisher"]
[Result "1-0"]
[WhiteTitle "GM"]
[BlackTitle "GM"]
[WhiteElo "2668"]
[BlackElo "2515"]
[WhiteTeam "Ashdod Elit Chess Club"]
[BlackTeam "Barys.kz"]
[WhiteFideId "712779"]
[BlackFideId "13707833"]
[EventDate "2025.06.11"]
[EventType "team"]

1. d4 d5 2. g3 g6 3. Bg2 Bg7 4. c4 c6 5. e3 Nf6 6. Ne2 O-O 7. O-O dxc4 8. Na3
Be6 9. Qc2 Bf5 10. e4 Bg4 11. f3 Be6 12. Nxc4 Bxc4 13. Qxc4 Nbd7 14. Be3 e5 15.
Rfd1 Qb6 16. Qc3 exd4 17. Nxd4 c5 18. Nc2 Nxe4 19. Qb3 Nef6 20. f4 Rab8 21. Qxb6
axb6 22. Rd6 Rfe8 23. Bh3 Nf8 24. Rad1 b5 25. Rb6 Ne4 26. Rxb5 b6 27. Bg2 Nf6
28. h3 Ne6 29. Rb3 b5 30. Bc6 Red8 31. Rxd8+ Rxd8 32. Rxb5 h5 33. a4 h4 34. g4
Nd5 35. Bxd5 Rxd5 36. a5 Rd6 37. f5 Rd1+ 38. Kf2 gxf5 39. gxf5 Nc7 40. Rxc5 Nd5
41. a6 Nxe3 42. Rc8+ Kh7 43. Kxe3 Rd7 44. b4 1-0

[Event "FIDE World Rapid Team"]
[Site "London ENG"]
[Date "2025.06.11"]
[Round "4.4"]
[White "Agmanov, Zhandos"]
[Black "Volokitin, Andrei"]
[Result "1-0"]
[WhiteTitle "IM"]
[BlackTitle "GM"]
[WhiteElo "2481"]
[BlackElo "2626"]
[WhiteTeam "Barys.kz"]
[BlackTeam "Ashdod Elit Chess Club"]
[WhiteFideId "13708309"]
[BlackFideId "14107090"]
[EventDate "2025.06.11"]
[EventType "team"]

1. e4 c5 2. Nf3 d6 3. d4 cxd4 4. Nxd4 Nf6 5. Nc3 a6 6. Be3 e5 7. Nb3 Be7 8. f3
O-O 9. Qd2 b5 10. O-O-O Bd7 11. a3 Nc6 12. Kb1 Qc7 13. g4 b4 14. axb4 Nxb4 15.
g5 Ne8 16. h4 a5 17. Nc5 Bc6 18. N5a4 Rb8 19. b3 d5 20. exd5 Nxd5 21. Nxd5 Bxd5
22. Qxd5 Rd8 23. Qxd8 Bxd8 24. Bb6 Qxb6 25. Nxb6 Bxb6 26. Rd7 Nc7 27. Bc4 Ne6
28. Rhd1 Bd4 29. f4 Nc5 30. Rxf7 Rxf7 31. fxe5 Kf8 32. Bxf7 Bf2 33. g6 hxg6 34.
Bxg6 Bxh4 35. Rf1+ Ke7 36. Rf7+ Ke6 37. Rxg7 Kxe5 38. Ra7 Bd8 39. Kb2 Kd6 40.
Rh7 Bf6+ 41. Ka2 Kc6 42. Bd3 Bc3 43. Rh6+ Kc7 44. Bb5 Kb7 45. Rc6 Bd4 46. c3 Bg1
47. Rg6 Bf2 48. b4 axb4 49. cxb4 1-0

[Event "FIDE World Rapid Team"]
[Site "London ENG"]
[Date "2025.06.11"]
[Round "4.5"]
[White "Osmak, Yuliia"]
[Black "Kairbekova, Amina"]
[Result "1-0"]
[WhiteTitle "IM"]
[BlackTitle "WIM"]
[WhiteElo "2468"]
[BlackElo "2317"]
[WhiteTeam "Ashdod Elit Chess Club"]
[BlackTeam "Barys.kz"]
[WhiteFideId "14101602"]
[BlackFideId "13712799"]
[EventDate "2025.06.11"]
[EventType "team"]

1. e4 e5 2. Nf3 Nc6 3. Nc3 Nf6 4. Bb5 Nd4 5. O-O Nxb5 6. Nxb5 a6 7. Nc3 d6 8. d4
exd4 9. Nxd4 Be7 10. h3 O-O 11. Qf3 Re8 12. Re1 Bd7 13. Bg5 h6 14. Bh4 Nh7 15.
Bxe7 Rxe7 16. Nd5 Re5 17. Qd3 c6 18. Ne3 Qc7 19. Nf3 Re6 20. Rad1 Rae8 21. Nf5
d5 22. e5 Ng5 23. Nxg5 hxg5 24. Nd6 R8e7 25. Qc3 f6 26. Rxd5 fxe5 27. Ne4 Rg6
28. Rd3 g4 29. hxg4 Rxg4 30. Rg3 Rxg3 31. Qxg3 Bf5 32. Qb3+ Be6 33. Qc3 Bd5 34.
Ng3 e4 35. Nf5 Rf7 36. Ne3 Qf4 37. Re2 Rf6 38. Nf1 Rh6 39. Qg3 Qf5 40. Re3 Qh5
41. Qh2 Qg5 42. Qc7 Qh5 43. Rh3 Qd1 44. Rxh6 gxh6 45. Qc8+ Kg7 46. Qxb7+ Kg6 47.
c4 Bf7 48. Qxc6+ Kg7 49. Qxe4 Qc1 50. Qd4+ Kg8 51. b3 a5 52. Qd2 Qa3 53. Qxh6
Qxa2 54. Qg5+ Kf8 55. Ne3 Qa1+ 56. Kh2 Qh8+ 57. Kg3 Qc3 58. Qd8+ Kg7 59. Qd4+
Qxd4 60. Nf5+ Kf6 61. Nxd4 Kg5 62. Nc6 a4 63. bxa4 Bxc4 64. a5 Bd5 65. Nd4 Kf6
66. f4 Ke7 67. Kf2 Kd6 68. g4 Kc5 69. Ke3 Kb4 70. a6 Ka5 71. f5 1-0

[Event "FIDE World Rapid Team"]
[Site "London ENG"]
[Date "2025.06.11"]
[Round "4.6"]
[White "Nurakyn, Suleiman"]
[Black "Sailaubay, Aldiyar"]
[Result "0-1"]
[WhiteElo "1773"]
[BlackElo "1910"]
[WhiteTeam "Barys.kz"]
[BlackTeam "Ashdod Elit Chess Club"]
[WhiteFideId "447003073"]
[BlackFideId "13729357"]
[EventDate "2025.06.11"]
[EventType "team"]

1. d4 Nf6 2. c4 e6 3. Nf3 d5 4. g3 Be7 5. Bg2 O-O 6. O-O dxc4 7. Qc2 a6 8. a4 c5
9. dxc5 Bxc5 10. Qxc4 Qe7 11. Nc3 h6 12. Ne5 Nbd7 13. Nxd7 Nxd7 14. Bf4 Nb6 15.
Qe4 Re8 16. a5 Nd7 17. Rfd1 Nf6 18. Qd3 Ng4 19. Rf1 Rd8 20. Qc2 e5 21. Bd2 Be6
22. h3 Nf6 23. Rfd1 Rac8 24. Be1 Bd4 25. e3 Ba7 26. Rxd8+ Rxd8 27. Rd1 Rc8 28.
Qd3 Bc5 29. Kh2 Bb3 30. Rc1 Rd8 31. Qe2 Bb4 32. Ne4 Nxe4 33. Bxe4 Bxe1 34. Qxe1
Bd5 35. Bxd5 Rxd5 36. Qc3 Rb5 37. Qc8+ Kh7 38. Qc2+ g6 39. Qd2 Kg7 40. h4 Qb4
41. Qxb4 Rxb4 42. Rc2 Rb5 43. Kg2 Rxa5 44. Kf3 Ra4 45. e4 Rb4 46. Ke3 Kf6 47. f4
Rb3+ 48. Kf2 exf4 49. gxf4 h5 50. Rd2 Ke6 51. Kg2 a5 52. Kh2 Rb4 53. Re2 a4 54.
Kg2 b5 55. Kf3 Rb3+ 56. Kg2 b4 57. Rc2 Kd6 58. Kf2 Rh3 59. Kg2 Rxh4 60. Kg3 Rh1
61. Rc4 b3 62. Rxa4 Rb1 63. Kh4 Rxb2 64. Kg5 Rf2 65. Ra8 b2 66. Rb8 Kc5 67. e5
Kc4 68. Rb7 Kc3 69. Rc7+ Kd2 70. Rb7 Kc1 0-1

[Event "FIDE World Rapid Team"]
[Site "London ENG"]
[Date "2025.06.11"]
[Round "4.1"]
[White "Martinez Alcantara, Jose Eduardo"]
[Black "Van Foreest, Jorden"]
[Result "1/2-1/2"]
[WhiteTitle "GM"]
[BlackTitle "GM"]
[WhiteElo "2611"]
[BlackElo "2687"]
[WhiteTeam "Theme International Trading"]
[BlackTeam "Knight Dance"]
[WhiteFideId "3805662"]
[BlackFideId "1039784"]
[EventDate "2025.06.11"]
[EventType "team"]

1. e4 e5 2. Nf3 Nc6 3. Bb5 Nf6 4. O-O Nxe4 5. Re1 Nd6 6. Nxe5 Be7 7. Bf1 Nxe5 8.
Rxe5 O-O 9. d4 Bf6 10. Re1 Re8 11. Rxe8+ Nxe8 12. c3 d5 13. Bf4 c6 14. Nd2 Bf5
15. Qb3 Qb6 16. a4 Be7 17. a5 Qxb3 18. Nxb3 Bd6 19. Bg3 Bxg3 20. hxg3 Nd6 21.
Nc5 Re8 22. a6 b6 23. Nb7 Nc8 24. c4 dxc4 25. Bxc4 Kf8 26. d5 cxd5 27. Bxd5 Re2
28. Rc1 Rc2 29. Rxc2 Bxc2 30. Nd8 Nd6 31. Nc6 Bd3 32. Nxa7 Bxa6 33. Nc6 h5 34.
Nb4 Bc4 35. b3 Bxd5 36. Nxd5 b5 37. Kf1 Ke8 38. Ke2 Kd7 39. Kd3 Kc6 40. Kd4 Nb7
41. Nf4 Nc5 42. b4 Na6 43. Nd3 Kd6 44. Ke4 Nb8 45. Ne5 f6 46. Nd3 Nc6 47. Nf4
Nxb4 48. Nxh5 f5+ 49. Kxf5 g6+ 50. Kxg6 Nd3 51. Kf5 Nxf2 52. Nf6 b4 53. Ne4+
Nxe4 54. Kxe4 1/2-1/2

[Event "FIDE World Rapid Team"]
[Site "London ENG"]
[Date "2025.06.11"]
[Round "4.2"]
[White "Moussard, Jules"]
[Black "Jumabayev, Rinat"]
[Result "1/2-1/2"]
[WhiteTitle "GM"]
[BlackTitle "GM"]
[WhiteElo "2597"]
[BlackElo "2546"]
[WhiteTeam "Knight Dance"]
[BlackTeam "Theme International Trading"]
[WhiteFideId "642908"]
[BlackFideId "13702661"]
[EventDate "2025.06.11"]
[EventType "team"]

1. Nf3 d5 2. e3 c5 3. b3 a6 4. c4 Nf6 5. Bb2 Nc6 6. cxd5 Nxd5 7. Be2 f6 8. O-O
e5 9. d3 Be6 10. Nbd2 Be7 11. a3 O-O 12. Rc1 Rc8 13. Re1 Qd7 14. Ne4 Na5 15. Bf1
b5 16. d4 exd4 17. exd4 c4 18. bxc4 Nxc4 19. Bxc4 bxc4 20. Nfd2 Nf4 21. Re3 Nd3
22. Rc2 Nxb2 23. Rxb2 Qxd4 24. Rc2 Rfe8 25. Qe1 Bf7 26. Nf3 Qb6 27. h4 Bf8 28.
Rce2 Red8 29. Rc2 Rc7 30. Nfd2 Rd3 31. Rxd3 cxd3 32. Rxc7 Qxc7 33. Qe3 Qc1+ 34.
Kh2 Qxa3 35. Qg3 Qe7 36. Qxd3 f5 37. Ng3 Qxh4+ 38. Kg1 f4 39. Nge4 a5 40. Nf3
Qe7 41. Neg5 g6 42. Nxf7 Qxf7 43. Ng5 Qf5 44. Qc4+ Kg7 45. Ne6+ Kh6 46. Nxf4
Qb1+ 47. Kh2 Qb4 48. Qf7 Bd6 49. g3 Bxf4 50. gxf4 Qc5 51. Kg3 a4 52. Qe6 a3 53.
Qh3+ Kg7 54. Qd7+ Kg8 55. Qe8+ Kg7 56. Qd7+ Kf8 57. Qd8+ Kf7 58. Qd7+ Qe7 59.
Qd5+ Kg7 60. Qd4+ Kh6 61. Qd5 Qc7 62. Qh1+ Kg7 63. Qa1+ 1/2-1/2

[Event "FIDE World Rapid Team"]
[Site "London ENG"]
[Date "2025.06.11"]
[Round "4.3"]
[White "Tin, Jingyao"]
[Black "Dardha, Daniel"]
[Result "1/2-1/2"]
[WhiteTitle "GM"]
[BlackTitle "GM"]
[WhiteElo "2583"]
[BlackElo "2646"]
[WhiteTeam "Theme International Trading"]
[BlackTeam "Knight Dance"]
[WhiteFideId "5804418"]
[BlackFideId "240990"]
[EventDate "2025.06.11"]
[EventType "team"]

1. Nf3 d5 2. g3 g6 3. c4 dxc4 4. Na3 Bg7 5. Nxc4 Nc6 6. Bg2 e5 7. d3 Nge7 8. O-O
O-O 9. Bd2 Be6 10. Rc1 a5 11. a4 b6 12. b3 Qd7 13. Re1 Rac8 14. Ng5 Bd5 15. Bh3
f5 16. Ne3 h6 17. Nxd5 Qxd5 18. Bg2 Qd6 19. Qc2 Nd8 20. Nf3 c5 21. Bc3 Ndc6 22.
Nd2 Rcd8 23. Nc4 Qc7 24. Qb1 Kh8 25. e3 Nd5 26. Bb2 Ndb4 27. Red1 Rd7 28. Rd2 h5
29. h4 Kh7 30. Rcd1 Kh8 31. Re1 Kh7 32. Red1 Re7 33. Rc1 Bh6 34. Re1 Rd8 35.
Red1 Bg7 36. Re1 Red7 37. Red1 Re7 38. Re1 Red7 39. Red1 Re7 1/2-1/2

[Event "FIDE World Rapid Team"]
[Site "London ENG"]
[Date "2025.06.11"]
[Round "4.4"]
[White "Maurizzi, Marc'Andria"]
[Black "Le, Tuan Minh"]
[Result "0-1"]
[WhiteTitle "GM"]
[BlackTitle "GM"]
[WhiteElo "2607"]
[BlackElo "2598"]
[WhiteTeam "Knight Dance"]
[BlackTeam "Theme International Trading"]
[WhiteFideId "36083534"]
[BlackFideId "12401153"]
[EventDate "2025.06.11"]
[EventType "team"]

1. e4 e5 2. Nf3 Nc6 3. Bc4 Bc5 4. c3 Nf6 5. d3 d6 6. a4 a6 7. b4 Ba7 8. O-O O-O
9. Nbd2 Ne7 10. Re1 Ng6 11. d4 Bg4 12. h3 Bxf3 13. Nxf3 exd4 14. cxd4 Nxe4 15.
Bxf7+ Rxf7 16. Rxe4 d5 17. Rg4 Qf6 18. Be3 Re8 19. Qd3 Qf5 20. Qxf5 Rxf5 21. Rc1
c6 22. Nd2 Bb8 23. h4 Nf4 24. Rd1 Ne2+ 25. Kh1 Nc3 26. Rc1 Nxa4 27. Nb3 Nb2 28.
Nc5 Rf7 29. Kg1 Nc4 30. Rc3 b6 31. Na4 Bd6 32. Rb3 Ref8 33. f3 Re8 34. Bf2 Re2
35. h5 Ra2 36. Nc3 Ra1+ 37. Rb1 Rxb1+ 38. Nxb1 Bxb4 0-1